Normal view
MARC view
- BAETEN.J.C.M
Entry Personal Name
001 - CONTROL NUMBER
- control field: 4803
003 - CONTROL NUMBER IDENTIFIER
- control field: JO-AjAnu
005 - DATE AND TIME OF LATEST TRANSACTION
- control field: 20230606071101.0
008 - FIXED-LENGTH DATA ELEMENTS
- fixed length control field: 230606|| aca||aabn | a|a d
040 ## - CATALOGING SOURCE
- Original cataloging agency: JO-AjAnu
- Transcribing agency: JO-AjAnu
100 ## - HEADING--PERSONAL NAME
- Personal name: BAETEN.J.C.M
670 ## - SOURCE DATA FOUND
- Source citation: Work cat.: (JO-AjAnu)2485: BAETEN.J.C.M, author, process Algebra:Equational Theories of communicating processes